A discourse commemorative of the late Dr. Charles Hodge. (Record no. 19692)

MARC details
000 -LEADER
fixed length control field 00813cam a22002051 4500
001 - CONTROL NUMBER
control field e 14001336
003 - CONTROL NUMBER IDENTIFIER
control field DLC
005 - DATE AND TIME OF LATEST TRANSACTION
control field 20260227111202.0
008 - FIXED-LENGTH DATA ELEMENTS--GENERAL INFORMATION
fixed length control field 800320s1878 nju 000 0beng
010 ## - LIBRARY OF CONGRESS CONTROL NUMBER
LC control number e 14001336
035 ## - SYSTEM CONTROL NUMBER
System control number (OCoLC)6108331
040 ## - CATALOGING SOURCE
Original cataloging agency DLC
Transcribing agency UU
Modifying agency DLC
042 ## - AUTHENTICATION CODE
Authentication code premarc
050 00 - LIBRARY OF CONGRESS CALL NUMBER
Classification number BV4070.P759
Item number H7
100 1# - MAIN ENTRY--PERSONAL NAME
Personal name Atwater, Lyman Hotchkiss,
Dates associated with a name 1813-1883.
245 12 - TITLE STATEMENT
Title A discourse commemorative of the late Dr. Charles Hodge.
Remainder of title Delivered in the chapel of the College of New Jersey by request of the president, October 13th, and repeated in the First Presbyterian Church, Princeton, at the request of its session, October 20th, 1878,
Statement of responsibility, etc. by Lyman H. Atwater.
260 ## - PUBLICATION, DISTRIBUTION, ETC.
Place of publication, distribution, etc. Princeton,
Name of publisher, distributor, etc. C. S. Robinson, printer,
Date of publication, distribution, etc. 1878.
300 ## - PHYSICAL DESCRIPTION
Extent 24 p.
Dimensions 22 cm.
600 10 - SUBJECT ADDED ENTRY--PERSONAL NAME
Personal name Hodge, Charles, d 1797-1878.

No items available.

Powered by Koha